The dead of Jericho : Oxford bookworms

Gardado en:
Detalles Bibliográficos
Autor Principal: Dexter, Colin
Formato: Libro
Idioma:Undetermined
Publicado: Oxford Oxford Univ. Press 1997
Những chủ đề:
Các nhãn: Engadir etiqueta
Sen Etiquetas, Sexa o primeiro en etiquetar este rexistro!
Thư viện lưu trữ: Trung tâm Học liệu Trường Đại học Cần Thơ
LEADER 00571nam a2200217Ia 4500
001 CTU_35021
008 210402s9999 xx 000 0 und d
020 |c 21000 
082 |a 823.9 
082 |b D527 
100 |a Dexter, Colin 
245 4 |a The dead of Jericho : 
245 0 |b Oxford bookworms 
245 0 |c Colin Dexter 
260 |a Oxford 
260 |b Oxford Univ. Press 
260 |c 1997 
650 |a English fiction,English literature 
650 |y 20th century 
904 |i Minh, Trong Hieu 
980 |a Trung tâm Học liệu Trường Đại học Cần Thơ